Bleak house
Na minha lista:
| Autor principal: | |
|---|---|
| Formato: | Livro |
| Idioma: | inglês |
| Publicado em: |
Londres
Chapman and Hall
1900
|
| Assuntos: | |
| Tags: |
Adicionar Tag
Sem tags, seja o primeiro a adicionar uma tag!
|
MARC
| LEADER | 00000nam a2200000 a 4500 | ||
|---|---|---|---|
| 001 | UCP1456 | ||
| 003 | CL-VaPUC | ||
| 008 | 990409e19000000UK |||||||||||||||||eng|d | ||
| 082 | 0 | 4 | |a 823 |b DIC |2 21 |
| 100 | 0 | |a Dickens, Charles |e author |9 319540 | |
| 245 | 1 | 0 | |a Bleak house |
| 300 | |a 540 p | ||
| 942 | |c BK | ||
| 945 | |d 19990409 00:00:00 |a lriquelm | ||
| 260 | |a Londres |b Chapman and Hall |c 1900 | ||
| 650 | 0 | |a Novelas inglesas |9 265220 | |
| 650 | 0 | |a Literatura inglesa |9 312907 | |
| 583 | |a last modification |c 19990409 00:00:00 |k Rodrigo Vera | ||
| 999 | |c 280132 |d 280130 | ||
| 952 | |0 0 |1 0 |4 0 |6 823_000000000000000_DIC_1900 |7 0 |8 P |9 320148 |a BIBEDU |b BIBEDU |c BIBEDU_PB |d 2019-11-20 |i 1341286 |o 823 DIC 1900 |p 1341286 |r 2024-01-25 |w 2019-11-20 |y BK |k LIT | ||